Dones, dueños y santos (Record no. 132090)

MARC details
000 -LEADER
fixed length control field 00691nam a22001937a 4500
005 - DATE AND TIME OF LATEST TRANSACTION
control field 20170404132931.0
008 - FIXED-LENGTH DATA ELEMENTS--GENERAL INFORMATION
fixed length control field 170404b mx ||||| |||| 00| 0 spa d
020 ## - INTERNATIONAL STANDARD BOOK NUMBER
International Standard Book Number 9707016957
050 04 - LIBRARY OF CONGRESS CALL NUMBER
Classification number F1219.1.O11
Item number B37 2006
100 1# - MAIN ENTRY--PERSONAL NAME
Personal name Barabas, Alicia M.
245 10 - TITLE STATEMENT
Title Dones, dueños y santos
Remainder of title : ensayo sobre religiones en Oaxaca
Statement of responsibility, etc / Alicia M Barabas.
250 ## - EDITION STATEMENT
Edition statement 1a ed.
260 ## - PUBLICATION, DISTRIBUTION, ETC. (IMPRINT)
Place of publication, distribution, etc México, D.F. :
Name of publisher, distributor, etc Instituto Nacional de Antropología e Historia :
-- Miguel Ángel Porrúa,
Date of publication, distribution, etc 2006.
300 ## - PHYSICAL DESCRIPTION
Extent 288 p. :
Other physical details maps ;
Dimensions 23 cm.
504 ## - BIBLIOGRAPHY, ETC. NOTE
Bibliography, etc Incluye bibliografía
650 #7 - SUBJECT ADDED ENTRY--TOPICAL TERM
Topical term or geographic name as entry element Indios de México
Geographic subdivision Oaxaca
General subdivision Religion.
Source of heading or term lemb
651 #4 - SUBJECT ADDED ENTRY--GEOGRAPHIC NAME
Geographic name Oaxaca
General subdivision Religión y mitología
942 ## - ADDED ENTRY ELEMENTS (KOHA)
Source of classification or shelving scheme Biblioteca del Cogreso de los Estados Unidos
Koha item type Libro
Holdings
Estado de pérdida Fuente de clasificación Estado del daño No para préstamo Ubicación permanente Ubicación actual Apartado o colección Fecha de adquisición Fuente de adquisición Edición Área del conocimiento Clasificación Código de Barras Date last seen Número de copia Tipo de recurso
  Biblioteca del Cogreso de los Estados Unidos     Biblioteca de la Unidad de Ciencias Ingeniería y Humanidades Biblioteca de la Unidad de Ciencias Ingeniería y Humanidades Colección "Miguel Ángel Porrúa" 04/04/2017 Donación 1a ed. Educación y Humanidades F1219.1.O11 B37 2006 BCU000018197 04/04/2017 1 Libro